[Event "25. Open Pula 2011"]
[Site "Pula CRO"]
[Date "2011.06.18"]
[Round "1.1"]
[White "Kovacevic, Aleksandar"]
[Black "Gyldenas, Ole Jorn"]
[Result "1-0"]
[WhiteElo "2575"]
[BlackElo "2026"]
[PlyCount "69"]
[EventDate "2011.06.18"]
[EventType "swiss"]
[EventRounds "9"]
[EventCountry "CRO"]
[Source "lmi"]
[SourceDate "2011.06.18"]

1. e4 e6 2. d4 d5 3. Nd2 c5 4. exd5 exd5 5. Ngf3 Nc6 6. Bb5 Bd6 7. O-O Nge7 8.
dxc5 Bxc5 9. Nb3 Bd6 10. c3 O-O 11. Bd3 Bf5 12. Re1 Bg6 13. Bxg6 hxg6 14. Bg5
Qc7 15. Qd3 a6 16. h3 Rfe8 17. Re2 Ne5 18. Nxe5 Bxe5 19. Rae1 Bf6 20. Bxf6 gxf6
21. Qd4 Kg7 22. Qc5 Rac8 23. Rxe7 Qxc5 24. Nxc5 Rxe7 25. Rxe7 Rxc5 26. Rxb7 Ra5
27. a3 f5 28. Rb6 g5 29. Kf1 f4 30. Ke2 f6 31. Kd3 Kg6 32. Kd4 Kf5 33. Rd6 Ra4+
34. Kxd5 Re4 35. Rxf6+ 1-0

[Event "25. Open Pula 2011"]
[Site "Pula CRO"]
[Date "2011.06.18"]
[Round "1.2"]
[White "Caprino, Marco"]
[Black "Zelcic, Robert"]
[Result "0-1"]
[WhiteElo "2022"]
[BlackElo "2557"]
[PlyCount "103"]
[EventDate "2011.06.18"]
[EventType "swiss"]
[EventRounds "9"]
[EventCountry "CRO"]
[Source "lmi"]
[SourceDate "2011.06.18"]

1. Nf3 Nf6 2. c4 e6 3. g3 a6 4. Bg2 b5 5. cxb5 axb5 6. Nd4 Ra5 7. d3 c5 8. b4
cxb4 9. O-O d5 10. Qb3 Bc5 11. Nc2 Nc6 12. e3 O-O 13. Bd2 Ra4 14. Rc1 Bd7 15.
Bf1 Bd6 16. Be1 Qb6 17. Nd2 Rfa8 18. Qb2 Qa6 19. d4 Na5 20. Rab1 Nc4 21. Nxc4
bxc4 22. Bxb4 Rxa2 23. Qxa2 Qxa2 24. Bxd6 Ne8 25. Bc5 Qa6 26. e4 Qc8 27. Ne3
Nf6 28. Bg2 Nxe4 29. Bxe4 dxe4 30. Nxc4 e3 31. Nxe3 h5 32. h4 Rb8 33. Nc4 Rxb1
34. Rxb1 Bc6 35. Bd6 Qa6 36. Ne5 Bb7 37. Bc5 Qa8 38. Re1 f6 39. Nd3 Bh1 40. Nf4
g5 41. hxg5 fxg5 42. Kh2 gxf4 43. Rxh1 Qf3 44. Rg1 Kf7 45. Rg2 Qe4 46. Bb6 f3
47. Rg1 Qe2 48. d5 exd5 49. Rb1 Ke6 50. Rb3 Kf5 51. Rb4 d4 52. Rb5+ 0-1

[Event "25. Open Pula 2011"]
[Site "Pula CRO"]
[Date "2011.06.18"]
[Round "1.3"]
[White "Jovanovic, Zoran"]
[Black "Heikkila, Antti"]
[Result "1-0"]
[WhiteElo "2553"]
[BlackElo "2022"]
[PlyCount "29"]
[EventDate "2011.06.18"]
[EventType "swiss"]
[EventRounds "9"]
[EventCountry "CRO"]
[Source "lmi"]
[SourceDate "2011.06.18"]

1. e4 d6 2. Nc3 g6 3. f4 Bg7 4. Nf3 c5 5. Bb5+ Nc6 6. Bxc6+ bxc6 7. O-O Nf6 8.
d3 Rb8 9. Qe1 O-O 10. Qh4 Rb7 11. f5 gxf5 12. Bh6 Bxh6 13. Qxh6 Kh8 14. Ng5 Qe8
15. e5 1-0

[Event "25. Open Pula 2011"]
[Site "Pula CRO"]
[Date "2011.06.18"]
[Round "1.4"]
[White "Kosir, Franci"]
[Black "Popovic, Dusan"]
[Result "0-1"]
[WhiteElo "2021"]
[BlackElo "2553"]
[PlyCount "50"]
[EventDate "2011.06.18"]
[EventType "swiss"]
[EventRounds "9"]
[EventCountry "CRO"]
[Source "lmi"]
[SourceDate "2011.06.18"]

1. e4 c5 2. Nf3 d6 3. d4 cxd4 4. Nxd4 Nf6 5. Nc3 a6 6. Be2 e5 7. Nb3 Be7 8. O-O
O-O 9. Kh1 Nc6 10. f4 b5 11. Bf3 Bb7 12. a3 Rc8 13. f5 Na5 14. Nxa5 Qxa5 15.
Bd2 Qd8 16. Qe2 Rc4 17. Rad1 h6 18. Be1 Qc7 19. g4 Re8 20. h4 d5 21. exd5 e4
22. Bg2 e3 23. g5 Ng4 24. d6 Bxd6 25. Rxd6 Bxg2+ 0-1

[Event "25. Open Pula 2011"]
[Site "Pula CRO"]
[Date "2011.06.18"]
[Round "1.5"]
[White "Kuljasevic, Davorin"]
[Black "Teuschler, Alois"]
[Result "1-0"]
[WhiteElo "2537"]
[BlackElo "2019"]
[PlyCount "77"]
[EventDate "2011.06.18"]
[EventType "swiss"]
[EventRounds "9"]
[EventCountry "CRO"]
[Source "lmi"]
[SourceDate "2011.06.18"]

1. d4 d6 2. Nf3 Bg4 3. c4 Bxf3 4. exf3 c6 5. Nc3 Nd7 6. Be2 g6 7. O-O Bg7 8.
Be3 Qc7 9. Rc1 Ngf6 10. f4 O-O 11. b4 a5 12. b5 Rfe8 13. Qc2 Nb6 14. bxc6 bxc6
15. f5 Nbd7 16. Bf3 Ra6 17. Rfe1 Nf8 18. Qd3 gxf5 19. Qxf5 a4 20. a3 Ra5 21.
Qc2 e5 22. d5 cxd5 23. Nxd5 Nxd5 24. Bxd5 Ne6 25. Qf5 Qc8 26. Rb1 e4 27. Bb6
Rxd5 28. cxd5 Nc5 29. Qxc8 Rxc8 30. Bxc5 Rxc5 31. Rxe4 Bb2 32. f3 Bxa3 33. Rxa4
Rc3 34. Rg4+ Kf8 35. Rb8+ Ke7 36. Rb7+ Kf6 37. Rf4+ Ke5 38. Rbxf7 Kxd5 39. Rxh7
1-0

[Event "25. Open Pula 2011"]
[Site "Pula CRO"]
[Date "2011.06.18"]
[Round "1.8"]
[White "Skok, Joze"]
[Black "Saric, Ante"]
[Result "0-1"]
[WhiteElo "2014"]
[BlackElo "2489"]
[PlyCount "74"]
[EventDate "2011.06.18"]
[EventType "swiss"]
[EventRounds "9"]
[EventCountry "CRO"]
[Source "lmi"]
[SourceDate "2011.06.18"]

1. e4 d5 2. exd5 Nf6 3. d4 Bg4 4. Be2 Bxe2 5. Nxe2 Qxd5 6. O-O Nc6 7. Nbc3 Qh5
8. Qd3 O-O-O 9. Nf4 Qa5 10. Be3 g6 11. a3 Bh6 12. b4 Qf5 13. Qxf5+ gxf5 14.
Nfe2 f4 15. Nxf4 Nxd4 16. Rac1 Nf5 17. h3 Nxe3 18. fxe3 e5 19. Nd3 Bxe3+ 20.
Kh2 e4 21. Rxf6 exd3 22. Rcf1 Bd4 23. Rxf7 Bxc3 24. cxd3 Be5+ 25. Kg1 Rxd3 26.
Rf8+ Rxf8 27. Rxf8+ Kd7 28. Kf2 Rxa3 29. Rf7+ Ke6 30. Rxh7 Rb3 31. h4 Rxb4 32.
h5 a5 33. Rh6+ Kf5 34. Rg6 Rf4+ 35. Ke3 Rg4 36. Rxg4 Kxg4 37. Ke4 Kxh5 0-1

[Event "25. Open Pula 2011"]
[Site "Pula CRO"]
[Date "2011.06.18"]
[Round "1.10"]
[White "Kurecic, Mladen"]
[Black "Drazic, Sinisa"]
[Result "0-1"]
[WhiteElo "2008"]
[BlackElo "2486"]
[PlyCount "102"]
[EventDate "2011.06.18"]
[EventType "swiss"]
[EventRounds "9"]
[EventCountry "CRO"]
[Source "lmi"]
[SourceDate "2011.06.18"]

1. d4 Nf6 2. Nf3 g6 3. Bg5 Bg7 4. e3 d6 5. Be2 O-O 6. Bxf6 exf6 7. O-O f5 8. c3
Nd7 9. Nbd2 Nf6 10. Re1 Re8 11. Bc4 c6 12. Qb3 Re7 13. Ng5 Qe8 14. g3 Ne4 15.
Ngf3 b5 16. Bf1 Be6 17. Qc2 h5 18. Bg2 d5 19. b4 a5 20. a3 Rea7 21. Qb2 Nd6 22.
Bf1 Bf6 23. Nb3 Bd8 24. Nc5 h4 25. Ne5 Ne4 26. f3 Nxc5 27. bxc5 Bc7 28. f4 hxg3
29. hxg3 Bxe5 30. fxe5 Rb7 31. Qf2 Kg7 32. Qf4 Qe7 33. Re2 Rh8 34. Raa2 Rbb8
35. Rh2 g5 36. Qf3 f6 37. exf6+ Qxf6 38. Qh1 Rxh2 39. Rxh2 Bg8 40. Qf3 Bh7 41.
Bd3 Bg6 42. Rf2 Rf8 43. Bc2 Rf7 44. Rh2 Qe6 45. Re2 Rf6 46. Kf2 Qe8 47. Ke1 Bh5
48. Qf2 Bxe2 49. Kxe2 f4 50. gxf4 gxf4 51. Qg1+ Kf8 0-1

[Event "25. Open Pula 2011"]
[Site "Pula CRO"]
[Date "2011.06.18"]
[Round "1.11"]
[White "Jovanic, Ognjen"]
[Black "Dubois, Martine"]
[Result "1/2-1/2"]
[WhiteElo "2479"]
[BlackElo "2007"]
[PlyCount "64"]
[EventDate "2011.06.18"]
[EventType "swiss"]
[EventRounds "9"]
[EventCountry "CRO"]
[Source "lmi"]
[SourceDate "2011.06.18"]

1. d4 d5 2. c4 Bf5 3. Nc3 e6 4. e3 c6 5. Bd3 Bxd3 6. Qxd3 Qg5 7. g3 Nf6 8. e4
Qg6 9. f3 Bb4 10. cxd5 exd5 11. Kf2 Bxc3 12. Qxc3 dxe4 13. Qb4 Nbd7 14. Nh3 Qf5
15. Nf4 exf3 16. Re1+ Ne4+ 17. Kxf3 Ndf6 18. Qd6 Rd8 19. Qe5+ Qxe5 20. dxe5
Ng5+ 21. Kg2 Nd7 22. Ng6 Nf3 23. Kxf3 fxg6 24. Bg5 O-O+ 25. Kg2 Rde8 26. e6 Nf6
27. b4 Nd5 28. Re4 h6 29. Be3 Nf6 30. Re5 Ng4 31. Re4 Nf6 32. Re5 Ng4 1/2-1/2

[Event "25. Open Pula 2011"]
[Site "Pula CRO"]
[Date "2011.06.18"]
[Round "1.12"]
[White "Svaljek, Radmila"]
[Black "Kovacevic, Blazimir"]
[Result "0-1"]
[WhiteElo "2006"]
[BlackElo "2474"]
[PlyCount "74"]
[EventDate "2011.06.18"]
[EventType "swiss"]
[EventRounds "9"]
[EventCountry "CRO"]
[Source "lmi"]
[SourceDate "2011.06.18"]

1. d4 e6 2. Nf3 c5 3. e3 Nf6 4. Bd3 b6 5. O-O Bb7 6. c4 Be7 7. Nc3 cxd4 8. exd4
d5 9. cxd5 Nxd5 10. Qe2 Nd7 11. Nxd5 Bxd5 12. Ne5 O-O 13. Bf4 Nxe5 14. Bxe5 Bd6
15. Qe3 Qe7 16. a3 Rad8 17. Qh3 g6 18. Qe3 f6 19. Bxd6 Rxd6 20. Rad1 Rfd8 21.
Rd2 Qb7 22. Qg3 Be4 23. Bc4 b5 24. Ba2 Qb6 25. Qf4 Bf5 26. Rfd1 Kg7 27. g4 g5
28. Qg3 Bg6 29. Qe3 h5 30. h3 hxg4 31. hxg4 Rh8 32. Qf3 Rhd8 33. Qe3 b4 34.
axb4 Qxb4 35. Qc3 Qb7 36. d5 exd5 37. Bxd5 Rxd5 0-1

[Event "25. Open Pula 2011"]
[Site "Pula CRO"]
[Date "2011.06.18"]
[Round "1.13"]
[White "Doric, Darko"]
[Black "Rattinger, Thomas"]
[Result "1-0"]
[WhiteElo "2456"]
[BlackElo "2003"]
[PlyCount "69"]
[EventDate "2011.06.18"]
[EventType "swiss"]
[EventRounds "9"]
[EventCountry "CRO"]
[Source "lmi"]
[SourceDate "2011.06.18"]

1. d4 d5 2. c4 c6 3. Nc3 e6 4. e4 dxe4 5. Nxe4 Nf6 6. Nxf6+ Qxf6 7. Nf3 Bb4+ 8.
Bd2 Bxd2+ 9. Qxd2 O-O 10. Bd3 Nd7 11. O-O h6 12. Rfe1 b6 13. Be4 Bb7 14. Rac1
Rfd8 15. Qc2 Rab8 16. c5 b5 17. Rcd1 Qf4 18. g3 Qg4 19. Ne5 Nxe5 20. dxe5 f5
21. exf6 gxf6 22. Kg2 e5 23. Bf3 Qg7 24. Rd2 Rxd2 25. Qxd2 Qf8 26. Rd1 Qxc5 27.
Qxh6 Qe7 28. Qg6+ Kf8 29. h4 c5 30. h5 e4 31. Be2 e3+ 32. f3 Re8 33. h6 Bxf3+
34. Bxf3 e2 35. Re1 1-0

[Event "25. Open Pula 2011"]
[Site "Pula CRO"]
[Date "2011.06.18"]
[Round "1.14"]
[White "Sarcevic, Zelimir"]
[Black "Fercec, Nenad"]
[Result "0-1"]
[WhiteElo "2000"]
[BlackElo "2453"]
[PlyCount "100"]
[EventDate "2011.06.18"]
[EventType "swiss"]
[EventRounds "9"]
[EventCountry "CRO"]
[Source "lmi"]
[SourceDate "2011.06.18"]

1. e4 c5 2. d4 cxd4 3. Nf3 d6 4. Nxd4 Nf6 5. Nc3 a6 6. a4 e5 7. Nb3 Be6 8. Be2
Be7 9. O-O Nbd7 10. Be3 Nb6 11. a5 Nc4 12. Bxc4 Bxc4 13. Bb6 Qc8 14. Re1 Qc6
15. f4 O-O 16. Nd2 exf4 17. Nxc4 Qxc4 18. Qf3 Rfe8 19. Ra4 Qc6 20. b3 d5 21. e5
Bc5+ 22. Kf1 Bxb6 23. axb6 Nd7 24. Qxd5 Qxc3 25. Qxd7 Rxe5 26. Rxe5 Qxe5 27.
Qd4 Qb5+ 28. Kf2 Re8 29. Rc4 h6 30. h3 g5 31. Qf6 Qd5 32. Qd4 Qe6 33. Qd1 Qxb6+
34. Kf1 Rd8 35. Qe2 Qf6 36. c3 b5 37. Rc7 Qd6 38. Rb7 Qd1+ 39. Qxd1 Rxd1+ 40.
Ke2 Rg1 41. Kf2 Rc1 42. Rc7 Rc2+ 43. Kf3 a5 44. c4 Rc3+ 45. Kg4 Rxb3 46. c5 Kg7
47. Kf5 Rg3 48. c6 Rxg2 49. Rd7 Rc2 50. c7 f3 0-1

[Event "25. Open Pula 2011"]
[Site "Pula CRO"]
[Date "2011.06.18"]
[Round "1.16"]
[White "Skytte, Torill"]
[Black "Diermair, Andreas"]
[Result "1/2-1/2"]
[WhiteElo "1992"]
[BlackElo "2435"]
[PlyCount "61"]
[EventDate "2011.06.18"]
[EventType "swiss"]
[EventRounds "9"]
[EventCountry "CRO"]
[Source "lmi"]
[SourceDate "2011.06.18"]

1. d4 Nf6 2. Nf3 e6 3. e3 c5 4. Bd3 b6 5. O-O Bb7 6. b3 Be7 7. Bb2 O-O 8. Nbd2
cxd4 9. exd4 d6 10. c4 Nbd7 11. Ng5 h6 12. Nge4 Re8 13. Qf3 d5 14. Nxf6+ Nxf6
15. Qh3 Bf8 16. Nf3 Rc8 17. Ne5 Nd7 18. f4 f5 19. Qh5 Nxe5 20. fxe5 Qg5 21. Qe2
Red8 22. Bc1 Qg6 23. Be3 dxc4 24. bxc4 Bc5 25. Rf4 Rd7 26. Bc2 Be7 27. d5 Bg5
28. Rf2 Bh4 29. Rf4 Bg5 30. Rf2 Bh4 31. Rf4 1/2-1/2

[Event "25. Open Pula 2011"]
[Site "Pula CRO"]
[Date "2011.06.18"]
[Round "1.17"]
[White "Genocchio, Daniele"]
[Black "Klement, Ottomar"]
[Result "1-0"]
[WhiteElo "2431"]
[BlackElo "1996"]
[PlyCount "47"]
[EventDate "2011.06.18"]
[EventType "swiss"]
[EventRounds "9"]
[EventCountry "CRO"]
[Source "lmi"]
[SourceDate "2011.06.18"]

1. e4 c5 2. Nc3 d6 3. Nf3 e6 4. d4 cxd4 5. Nxd4 a6 6. f4 Be7 7. Bd3 Nf6 8. Qf3
Nbd7 9. Be3 Nc5 10. O-O-O Qa5 11. Kb1 b5 12. Nc6 Qc7 13. Nxe7 Qxe7 14. e5 Nd5
15. Nxd5 exd5 16. exd6 Qxd6 17. Bxc5 Qxc5 18. Rhe1+ Kf8 19. Be4 Be6 20. Bxd5
Rc8 21. Bxe6 Qxc2+ 22. Ka1 fxe6 23. f5 Qxf5 24. Qb7 1-0

[Event "25. Open Pula 2011"]
[Site "Pula CRO"]
[Date "2011.06.18"]
[Round "1.18"]
[White "Havas, Juraj"]
[Black "Zelbel, Patrick"]
[Result "0-1"]
[WhiteElo "1987"]
[BlackElo "2428"]
[PlyCount "104"]
[EventDate "2011.06.18"]
[EventType "swiss"]
[EventRounds "9"]
[EventCountry "CRO"]
[Source "lmi"]
[SourceDate "2011.06.18"]

1. d4 g6 2. c4 Bg7 3. Nc3 c5 4. d5 Bxc3+ 5. bxc3 f5 6. Nf3 Qa5 7. Qc2 d6 8. Bf4
Nf6 9. h4 Nbd7 10. Rc1 Nb6 11. e3 Bd7 12. Bd3 O-O-O 13. Bg5 Rhf8 14. Bh6 Rfe8
15. Bg5 Ba4 16. Qb1 Nbd7 17. Bf4 Qb6 18. Ng5 Qxb1 19. Rxb1 Nf8 20. f3 e5 21.
dxe6 Nxe6 22. Nxe6 Rxe6 23. Bg5 Rde8 24. Kf2 Nd7 25. Bf4 Ne5 26. Bxe5 dxe5 27.
Rb2 Rd6 28. Be2 Red8 29. Rhb1 b6 30. Ke1 f4 31. e4 Kc7 32. a3 h6 33. Ra1 g5 34.
hxg5 hxg5 35. Raa2 Bc6 36. Rd2 g4 37. Rxd6 Rxd6 38. Rd2 Rh6 39. Bf1 g3 40. Rb2
Rh1 41. Rc2 a6 42. Rc1 Rg1 43. Kd2 b5 44. cxb5 axb5 45. Ke2 Be8 46. Rd1 Bf7 47.
Kd2 Kb6 48. Re1 Ka5 49. Rc1 Bb3 50. Re1 Bc4 51. Bxc4 Rxe1 52. Kxe1 bxc4 0-1

[Event "25. Open Pula 2011"]
[Site "Pula CRO"]
[Date "2011.06.18"]
[Round "1.19"]
[White "Bellia, Fabrizio"]
[Black "Pejic, Igor"]
[Result "1-0"]
[WhiteElo "2415"]
[BlackElo "1987"]
[PlyCount "71"]
[EventDate "2011.06.18"]
[EventType "swiss"]
[EventRounds "9"]
[EventCountry "CRO"]
[Source "lmi"]
[SourceDate "2011.06.18"]

1. e4 c6 2. d4 d5 3. Nd2 dxe4 4. Nxe4 Bf5 5. Ng3 Bg6 6. Nf3 Nd7 7. h4 h6 8. h5
Bh7 9. Bd3 Bxd3 10. Qxd3 Qc7 11. Bd2 Ngf6 12. O-O-O e6 13. Kb1 O-O-O 14. Qe2
Bd6 15. Ne4 Nxe4 16. Qxe4 Nf6 17. Qe2 Bf4 18. g3 Bxd2 19. Rxd2 Qe7 20. c4 c5
21. Qe3 cxd4 22. Rxd4 a6 23. c5 Rxd4 24. Nxd4 Nd5 25. Qe4 Qf6 26. f4 Rd8 27. c6
b5 28. Rc1 Nc7 29. Nc2 Nd5 30. a4 Qf5 31. Qd4 Kb8 32. Ka1 Qf6 33. c7+ Kxc7 34.
Qa7+ Kd6 35. Nd4 Rd7 36. Qc5# 1-0

[Event "25. Open Pula 2011"]
[Site "Pula CRO"]
[Date "2011.06.18"]
[Round "1.22"]
[White "Klement, Dubravko"]
[Black "Rogulj, Branko"]
[Result "0-1"]
[WhiteElo "1978"]
[BlackElo "2390"]
[PlyCount "42"]
[EventDate "2011.06.18"]
[EventType "swiss"]
[EventRounds "9"]
[EventCountry "CRO"]
[Source "lmi"]
[SourceDate "2011.06.18"]

1. d4 Nf6 2. c4 g6 3. Nc3 d5 4. cxd5 Nxd5 5. Bd2 Nb6 6. Bf4 Bg7 7. Nf3 O-O 8.
h3 c5 9. dxc5 N6d7 10. Qc2 Nxc5 11. g4 Nc6 12. Rd1 Bd7 13. Bg2 e5 14. Bg3 Nd4
15. Qb1 Bc6 16. O-O Qe7 17. b4 Na4 18. Nxa4 Nxe2+ 19. Kh2 Bxa4 20. Rd2 Nxg3 21.
Kxg3 e4 0-1

[Event "25. Open Pula 2011"]
[Site "Pula CRO"]
[Date "2011.06.18"]
[Round "1.23"]
[White "Loncar, Robert"]
[Black "Birens, Eric Andre"]
[Result "1-0"]
[WhiteElo "2388"]
[BlackElo "1977"]
[PlyCount "87"]
[EventDate "2011.06.18"]
[EventType "swiss"]
[EventRounds "9"]
[EventCountry "CRO"]
[Source "lmi"]
[SourceDate "2011.06.18"]

1. Nf3 c5 2. c4 Nc6 3. Nc3 e5 4. e3 Nf6 5. d4 cxd4 6. exd4 e4 7. Ne5 Bb4 8. Be2
O-O 9. O-O Bxc3 10. bxc3 d6 11. Nxc6 bxc6 12. Bg5 h6 13. Bh4 Bf5 14. Qa4 g5 15.
Bg3 Qd7 16. Qa5 Rab8 17. Bxd6 Qxd6 18. Qxf5 Rb2 19. Bd1 Kg7 20. Bb3 Qf4 21.
Qxf4 gxf4 22. Rab1 Rd2 23. Rfd1 Re2 24. Kf1 f3 25. gxf3 exf3 26. Rd3 Rfe8 27.
Rxf3 Ne4 28. Kxe2 Nxc3+ 29. Kd2 Nxb1+ 30. Kc2 Re1 31. Ba4 Re4 32. Kxb1 Rxd4 33.
Bxc6 Rxc4 34. Rxf7+ Kg6 35. Bd5 Rc5 36. Bb3 a5 37. Rf4 Kg5 38. Rc4 Rf5 39. h4+
Kf6 40. Rc6+ Ke7 41. Rxh6 Rxf2 42. h5 Rh2 43. Re6+ Kd7 44. Re5 1-0

[Event "25. Open Pula 2011"]
[Site "Pula CRO"]
[Date "2011.06.18"]
[Round "1.24"]
[White "Bulatovic, Milorad"]
[Black "Bodiroga, Predrag"]
[Result "0-1"]
[WhiteElo "1976"]
[BlackElo "2384"]
[PlyCount "50"]
[EventDate "2011.06.18"]
[EventType "swiss"]
[EventRounds "9"]
[EventCountry "CRO"]
[Source "lmi"]
[SourceDate "2011.06.18"]

1. b3 d5 2. Bb2 Bf5 3. e3 e6 4. f4 Nf6 5. Nf3 Be7 6. c4 O-O 7. Be2 c5 8. O-O
Nc6 9. d3 b6 10. Ne5 Rc8 11. Nxc6 Rxc6 12. Bf3 Rd6 13. Be5 Rd7 14. cxd5 Nxd5
15. e4 Ne3 16. Qe2 Nxf1 17. exf5 Nxh2 18. Kxh2 exf5 19. d4 cxd4 20. Qc4 Kh8 21.
Bxg7+ Kxg7 22. Nd2 Qc7 23. Kg3 Bh4+ 24. Kh3 Qxf4 25. Nf1 Bf6 0-1

[Event "25. Open Pula 2011"]
[Site "Pula CRO"]
[Date "2011.06.18"]
[Round "1.25"]
[White "Franic, Milan"]
[Black "Plesnik, Hrvoje"]
[Result "1-0"]
[WhiteElo "2381"]
[BlackElo "1975"]
[PlyCount "109"]
[EventDate "2011.06.18"]
[EventType "swiss"]
[EventRounds "9"]
[EventCountry "CRO"]
[Source "lmi"]
[SourceDate "2011.06.18"]

1. d4 d5 2. c4 e6 3. Nf3 Nf6 4. Bg5 Be7 5. Nc3 Nbd7 6. e3 O-O 7. Qc2 b6 8. cxd5
exd5 9. Bd3 h6 10. Bf4 c5 11. O-O c4 12. Bf5 Bb7 13. Rad1 Bb4 14. Ne5 Bxc3 15.
bxc3 Nb8 16. g4 Ne4 17. Kh1 Nd6 18. Rg1 g5 19. Bg3 Nxf5 20. gxf5 f6 21. Ng6 Rf7
22. f4 Qe8 23. fxg5 fxg5 24. Ne5 Rh7 25. f6 Nd7 26. f7+ Rxf7 27. Nxf7 Qxf7 28.
Rdf1 Qe6 29. Rf3 Rf8 30. Rgf1 Rxf3 31. Rxf3 Qe4 32. Qxe4 dxe4 33. Rf2 Kg7 34.
Bd6 Kg6 35. Be7 b5 36. Bd8 a6 37. Kg2 Bd5 38. Kf1 Be6 39. a4 bxa4 40. Ra2 Nb8
41. Rxa4 Nc6 42. Bc7 Ne7 43. Rxa6 Kf5 44. Kf2 h5 45. Ra5+ Nd5 46. Rc5 Kg4 47.
Rxc4 Nxe3 48. Rc6 Bd5 49. Rc5 Nd1+ 50. Ke1 Bb3 51. Bd8 Kf3 52. Bxg5 e3 53. Re5
Kg4 54. h4 e2 55. Rxe2 1-0

[Event "25. Open Pula 2011"]
[Site "Pula CRO"]
[Date "2011.06.18"]
[Round "1.27"]
[White "Tjomsland, Stig"]
[Black "Popovic, Milan"]
[Result "1-0"]
[WhiteElo "2378"]
[BlackElo "1968"]
[PlyCount "97"]
[EventDate "2011.06.18"]
[EventType "swiss"]
[EventRounds "9"]
[EventCountry "CRO"]
[Source "lmi"]
[SourceDate "2011.06.18"]

1. d4 d5 2. c4 c6 3. Nc3 Nf6 4. e3 g6 5. Nf3 Bg4 6. Qb3 Qb6 7. Ne5 Bd7 8. c5
Qc7 9. e4 Be6 10. Bf4 Qc8 11. exd5 Bxd5 12. Nxd5 Nxd5 13. Bd2 Nd7 14. Bc4 e6
15. Nf3 Bg7 16. O-O O-O 17. Rfe1 N7f6 18. Qc2 b5 19. Bb3 Qc7 20. Bg5 Rfe8 21.
Qd3 a6 22. Bh4 Nh5 23. Ne5 f6 24. Nf3 Ndf4 25. Qe4 g5 26. Bg3 Nxg3 27. hxg3 Nd5
28. Bxd5 exd5 29. Qf5 h6 30. Re6 Rxe6 31. Qxe6+ Kf8 32. Re1 Rd8 33. Qf5 Qd7 34.
Re6 Kg8 35. g4 Re8 36. Rd6 Qxf5 37. gxf5 Rc8 38. g4 Kf7 39. Rd7+ Kg8 40. Kg2 a5
41. Nd2 a4 42. f3 Ra8 43. Rc7 Ra6 44. Nf1 b4 45. Ng3 a3 46. b3 Ra8 47. Nh5 Bh8
48. Rxc6 Re8 49. Kf2 1-0

[Event "25. Open Pula 2011"]
[Site "Pula CRO"]
[Date "2011.06.18"]
[Round "1.28"]
[White "Kodric, Vladimir"]
[Black "Feletar, Darko"]
[Result "0-1"]
[WhiteElo "1967"]
[BlackElo "2377"]
[PlyCount "41"]
[EventDate "2011.06.18"]
[EventType "swiss"]
[EventRounds "9"]
[EventCountry "CRO"]
[Source "lmi"]
[SourceDate "2011.06.18"]

1. d4 g6 2. e4 Bg7 3. c3 d6 4. Be3 Nd7 5. Qc2 e5 6. Nf3 Ngf6 7. h3 O-O 8. Nbd2
Qe7 9. Bc4 exd4 10. Bxd4 d5 11. Bd3 dxe4 12. Bxe4 Nxe4 13. Bxg7 Nxd2+ 14. Kxd2
Kxg7 15. Rae1 Qf6 16. Re3 Nc5 17. Kc1 Bf5 18. Qe2 Rad8 19. Nd4 Nd3+ 20. Rxd3
Bxd3 21. Qe3 0-1

[Event "25. Open Pula 2011"]
[Site "Pula CRO"]
[Date "2011.06.18"]
[Round "1.29"]
[White "Somborski, Nebojsa"]
[Black "Lakovic, Igor"]
[Result "1/2-1/2"]
[WhiteElo "2376"]
[BlackElo "1965"]
[PlyCount "97"]
[EventDate "2011.06.18"]
[EventType "swiss"]
[EventRounds "9"]
[EventCountry "CRO"]
[Source "lmi"]
[SourceDate "2011.06.18"]

1. e4 e5 2. Nf3 Nc6 3. Bb5 a6 4. Ba4 d6 5. c3 Bd7 6. d4 Nf6 7. Qe2 Be7 8. d5
Nb8 9. Bc2 O-O 10. c4 a5 11. Nc3 c6 12. O-O Na6 13. a3 cxd5 14. cxd5 Rc8 15. h3
Ne8 16. Be3 g6 17. Bd3 Nc5 18. Bb5 Ng7 19. Bxd7 Qxd7 20. Nd2 f5 21. Bxc5 Rxc5
22. Nb3 Rcc8 23. Nxa5 fxe4 24. Nxe4 Nf5 25. Rac1 Nd4 26. Qd3 Rf4 27. Rxc8+ Qxc8
28. f3 Rf8 29. Nb3 Nf5 30. Rc1 Qb8 31. Kh2 Qa7 32. Nbd2 Qb6 33. b3 Ra8 34. a4
Nd4 35. Qc4 Qd8 36. Qc7 Qf8 37. Kh1 Ne2 38. Rc4 b5 39. Rc2 bxa4 40. bxa4 Rxa4
41. Qc8 Ra1+ 42. Kh2 Ra8 43. Qxf8+ Kxf8 44. Nc4 Nd4 45. Rb2 Ra6 46. Rb8+ Kf7
47. Rb7 Ke8 48. h4 Nf5 49. Rb8+ 1/2-1/2

[Event "25. Open Pula 2011"]
[Site "Pula CRO"]
[Date "2011.06.18"]
[Round "1.30"]
[White "Kjellstrom, Roar"]
[Black "Leer Salvesen, Bjarte"]
[Result "0-1"]
[WhiteElo "1964"]
[BlackElo "2365"]
[PlyCount "62"]
[EventDate "2011.06.18"]
[EventType "swiss"]
[EventRounds "9"]
[EventCountry "CRO"]
[Source "lmi"]
[SourceDate "2011.06.18"]

1. c4 e6 2. d4 d5 3. g3 Nf6 4. Nf3 dxc4 5. e3 b5 6. a4 c6 7. Bg2 Bb7 8. Ne5 a6
9. O-O Qb6 10. Qf3 Nbd7 11. axb5 axb5 12. Rxa8+ Bxa8 13. g4 Nxe5 14. dxe5 Nd7
15. Qg3 Be7 16. f4 O-O 17. Kh1 c5 18. e4 f6 19. exf6 Nxf6 20. Nd2 e5 21. f5 Qd6
22. g5 Nh5 23. Qg4 Nf4 24. f6 Bd8 25. Bf3 Bc6 26. Nb1 Nd3 27. g6 Qxf6 28. gxh7+
Kxh7 29. Be3 Qh4 30. Qg1 Rxf3 31. Rxf3 Qxe4 0-1

[Event "25. Open Pula 2011"]
[Site "Pula CRO"]
[Date "2011.06.19"]
[Round "2.3"]
[White "Purgar, Ivona"]
[Black "Jovanovic, Zoran"]
[Result "0-1"]
[WhiteElo "2174"]
[BlackElo "2553"]
[PlyCount "48"]
[EventDate "2011.06.18"]
[EventType "swiss"]
[EventRounds "9"]
[EventCountry "CRO"]
[Source "lmi"]
[SourceDate "2011.06.18"]

1. e4 d6 2. d4 Nf6 3. f3 e5 4. d5 Be7 5. Be3 c6 6. c4 a5 7. Nc3 Na6 8. Bd3 Nd7
9. Na4 Bg5 10. Qd2 Bxe3 11. Qxe3 Ndc5 12. Nxc5 Nxc5 13. Ne2 Qb6 14. Rb1 cxd5
15. exd5 Nxd3+ 16. Qxd3 O-O 17. Qb3 Qa7 18. Nc3 Bf5 19. Nb5 Qb6 20. Rd1 Rfc8
21. Rd2 a4 22. Qb4 Rc5 23. Ke2 Bd7 24. Rhd1 Rxc4 0-1

[Event "25. Open Pula 2011"]
[Site "Pula CRO"]
[Date "2011.06.19"]
[Round "2.4"]
[White "Popovic, Dusan"]
[Black "Kerpe, Andreas"]
[Result "1-0"]
[WhiteElo "2553"]
[BlackElo "2172"]
[PlyCount "113"]
[EventDate "2011.06.18"]
[EventType "swiss"]
[EventRounds "9"]
[EventCountry "CRO"]
[Source "lmi"]
[SourceDate "2011.06.18"]

1. e4 e5 2. Nf3 Nc6 3. Bb5 a6 4. Ba4 d6 5. c3 Bd7 6. d4 g6 7. O-O Bg7 8. Re1
Nge7 9. dxe5 Nxe5 10. Nxe5 dxe5 11. Bb3 O-O 12. a4 a5 13. Na3 Nc8 14. Be3 Qe7
15. Qd2 Rd8 16. Rad1 Nb6 17. Qc2 Bg4 18. Rxd8+ Rxd8 19. Bxb6 cxb6 20. Bd5 Bf8
21. Nc4 Qc7 22. Qd3 Bd7 23. Qf3 Be8 24. b3 Kg7 25. Ne3 Bc5 26. c4 Bxe3 27. Qxe3
Qc5 28. Qc3 f6 29. h4 Bc6 30. Qf3 Bxd5 31. exd5 Qd6 32. Qc3 Rc8 33. Qd2 Re8 34.
Rb1 Rc8 35. g3 Qb4 36. Qd3 Rd8 37. Kg2 Re8 38. d6 Rd8 39. Rd1 Rd7 40. Qd5 Qxb3
41. Qe6 Qxa4 42. Rd5 Qc6 43. g4 a4 44. g5 fxg5 45. Qxe5+ Kg8 46. h5 gxh5 47. f3
h6 48. Qf6 Qc8 49. Qxh6 Rg7 50. Rxg5 Rxg5+ 51. Qxg5+ Kh8 52. Qxh5+ Kg8 53. Qg6+
Kh8 54. Qf7 Qd8 55. d7 Qg5+ 56. Kh3 Qh6+ 57. Kg4 1-0